[Event "Bogota Mayores Alcaldia op 8th"]
[Site "Bogota"]
[Date "2018.06.11"]
[Round "7"]
[White "Borbon, Oscar"]
[Black "Becerra, Juan David"]
[Result "0-1"]
[WhiteElo "2028"]
[BlackElo "2290"]
[PlyCount "106"]
[EventDate "2018.06.08"]
[EventType "swiss"]
[EventRounds "7"]
[EventCountry "COL"]
[SourceTitle "CBM 184 Extra"]
[Source "ChessBase"]
[SourceDate "2018.06.28"]
[SourceVersion "1"]
[SourceVersionDate "2018.06.28"]
[SourceQuality "1"]

1. d4 Nf6 2. Nf3 g6 3. g3 Bg7 4. Bg2 0-0 5. 0-0 d6 6. c4 c6 7. b3 Qc7 8. Bb2 Re8 9. Nc3 Nbd7 10. Re1 a5 11. e4 e5 12. d5 Nc5 13. Qc2 Bf8 14. Ba3 Qb6 15. Bxc5 Qxc5 16. Na4 Qa7 17. dxc6 bxc6 18. Rad1 Nd7 19. Bh3 Nc5 20. Bxc8 Nxa4 21. Bh3 Nc5 22. Nd2 Reb8 23. Rb1 Rb6 24. Bg4 h5 25. Bd1 Rab8 26. Qc3 Qb7 27. Bc2 Ra6 28. h4 Qb4 29. Qxb4 axb4 30. Rb2 Bh6 31. Nf3 Ne6 32. Bb1 Kf8 33. Kg2 Ke7 34. Rd1 c5 35. Nd2 Rf8 36. Nf1 Kd7 37. Ne3 Kc6 38. Nd5 f5 39. exf5 gxf5 40. Ne3 Ra7 41. Kg1 Raf7 42. Kg2 Kb6 43. Re1 Kc7 44. Rd1 Kc6 45. Nd5 Rg7 46. Kh3 Kd7 47. Rf1 Nd4 48. a3 f4 49. axb4 fxg3 50. f4 Bxf4 51. Be4 cxb4 52. Ra1 Ke6 53. Nxb4 Rb8 0-1

[Event "COL-ch sf 2nd"]
[Site "Tunja"]
[Date "2018.04.22"]
[Round "10"]
[White "Borbon, Oscar"]
[Black "Guerra, Miguel"]
[Result "1-0"]
[WhiteElo "2016"]
[BlackElo "1836"]
[PlyCount "67"]
[EventDate "2018.04.17"]
[EventType "swiss"]
[EventRounds "10"]
[EventCountry "COL"]
[SourceTitle "CBM 184 Extra"]
[Source "ChessBase"]
[SourceDate "2018.06.28"]
[SourceVersion "1"]
[SourceVersionDate "2018.06.28"]
[SourceQuality "1"]

1. d4 d5 2. Nf3 Bg4 3. Nbd2 e6 4. g3 Nf6 5. Bg2 Bxf3 6. Bxf3 c5 7. e3 cxd4 8. exd4 Nc6 9. c3 a6 10. a4 Rc8 11. Qe2 Be7 12. h4 h5 13. Nf1 Qb6 14. Bg5 g6 15. Bxf6 Bxf6 16. Bxd5 Ne7 17. Be4 0-0 18. Ne3 Rb8 19. a5 Qc7 20. 0-0 Nc6 21. Qc4 Rfc8 22. d5 Nd8 23. Qd3 Kg7 24. Rfd1 exd5 25. Nxd5 Qc4 26. Qf3 Rc6 27. Nb6 Rxb6 28. axb6 Qb3 29. Rd6 Be5 30. Rd2 Qxb6 31. Rad1 Ne6 32. Rd7 Bf6 33. R1d6 Qb5 34. Rxe6 1-0

[Event "COL-ch sf 2nd"]
[Site "Tunja"]
[Date "2018.04.20"]
[Round "6"]
[White "Borbon, Oscar"]
[Black "Herrera, Juan Sebastian"]
[Result "0-1"]
[WhiteElo "2016"]
[BlackElo "2314"]
[PlyCount "118"]
[EventDate "2018.04.17"]
[EventType "swiss"]
[EventRounds "10"]
[EventCountry "COL"]
[SourceTitle "CBM 184 Extra"]
[Source "ChessBase"]
[SourceDate "2018.06.28"]
[SourceVersion "1"]
[SourceVersionDate "2018.06.28"]
[SourceQuality "1"]

1. d4 g6 2. Nf3 Bg7 3. g3 Nf6 4. Bg2 0-0 5. 0-0 d5 6. b3 c5 7. e3 Nc6 8. Bb2 Ne4 9. Ne5 Qd6 10. Nxc6 Qxc6 11. c4 e6 12. Nd2 Rd8 13. cxd5 exd5 14. Rc1 Bf5 15. Qe2 b6 16. Nxe4 dxe4 17. dxc5 bxc5 18. Bxg7 Kxg7 19. Rc4 Rab8 20. Rfc1 Rb5 21. Qc2 h5 22. a4 Rb6 23. Rxc5 Qe6 24. Qc3+ Kh7 25. Qc4 Rxb3 26. Qxe6 Bxe6 27. Bxe4 Rb4 28. Bc6 Rd2 29. R5c2 Rd6 30. e4 h4 31. f4 h3 32. Kf2 Rd3 33. Bb5 Ra3 34. Rc3 Ra2+ 35. R1c2 Rxc2+ 36. Rxc2 Rxe4 37. Kf3 Rb4 38. Rc3 Rb2 39. Be2 Ra2 40. g4 Bd5+ 41. Kf2 Rxa4 42. Rxh3+ Kg7 43. Rd3 Bc6 44. Rc3 Bd5 45. Kg3 a5 46. Bb5 Rb4 47. Bc6 Rb3 48. Rxb3 Bxb3 49. h4 a4 50. Bxa4 Bxa4 51. g5 Bd1 52. Kf2 f5 53. Ke3 Kf7 54. Kd4 Ke6 55. Kc4 Kd6 56. Kd4 Kc6 57. Ke5 Kc5 58. Kf6 Bh5 59. Ke5 Kc4 0-1

[Event "COL-ch sf 2nd"]
[Site "Tunja"]
[Date "2018.04.20"]
[Round "7"]
[White "Rengifo Astudillo, Carlos Alberto"]
[Black "Borbon, Oscar"]
[Result "0-1"]
[WhiteElo "1561"]
[BlackElo "2016"]
[PlyCount "100"]
[EventDate "2018.04.17"]
[EventType "swiss"]
[EventRounds "10"]
[EventCountry "COL"]
[SourceTitle "CBM 184 Extra"]
[Source "ChessBase"]
[SourceDate "2018.06.28"]
[SourceVersion "1"]
[SourceVersionDate "2018.06.28"]
[SourceQuality "1"]

1. e4 c5 2. d4 cxd4 3. c3 dxc3 4. Nxc3 e6 5. Nf3 Bc5 6. Bc4 Nf6 7. 0-0 0-0 8. e5 Ne8 9. Ne4 Be7 10. Bf4 f6 11. exf6 Nxf6 12. Nxf6+ Bxf6 13. Bd6 Re8 14. Qc2 Qb6 15. Ba3 g6 16. h4 Nc6 17. h5 Kf7 18. hxg6+ hxg6 19. Bd3 Rg8 20. Rae1 Nd4 21. Nxd4 Qxd4 22. Re4 Qd5 23. Rg4 Qh5 24. Rg3 a5 25. Rh3 Qg5 26. Rh7+ Bg7 27. f4 Qf6 28. f5 Qd4+ 29. Kh1 gxf5 30. Bxf5 Ke8 31. Bg6+ Kd8 32. Rc1 Qe5 33. Rh5 Rh8 34. Rxh8+ Bxh8 35. Qd3 Ra6 36. Qh3 Rc6 37. Rf1 b5 38. b3 Bg7 39. Bc1 Rxc1 40. Rxc1 Qg5 41. Rxc8+ Kxc8 42. Qh5 Qxh5+ 43. Bxh5 b4 44. Kg1 Kc7 45. Kf2 Kd6 46. Ke3 Ke5 47. Be8 d5 48. g3 Bh6+ 49. Kd3 Kd6 50. Bg6 e5 0-1

[Event "COL-ch Amateur U2000"]
[Site "Bogota"]
[Date "2017.03.05"]
[Round "7"]
[White "Borbon, Oscar"]
[Black "Cordoba Rodriguez, Milton Dennis"]
[Result "1/2-1/2"]
[WhiteElo "1953"]
[BlackElo "1852"]
[PlyCount "27"]
[EventDate "2017.03.02"]
[EventType "swiss"]
[EventRounds "7"]
[EventCountry "COL"]
[SourceTitle "CBM 177 Extra"]
[Source "ChessBase"]
[SourceDate "2017.04.27"]
[SourceVersion "1"]
[SourceVersionDate "2017.04.27"]
[SourceQuality "1"]

1. d4 e6 2. Nf3 Nf6 3. g3 d5 4. Bg2 Be7 5. 0-0 Nbd7 6. Nbd2 0-0 7. c4 c6 8. b3 Re8 9. Bb2 b6 10. Ne5 Bb7 11. Rc1 Rc8 12. Nxd7 Qxd7 13. e4 dxe4 14. Nxe4 1/2-1/2

[Event "Bogota University op 8th"]
[Site "Bogota"]
[Date "2014.10.09"]
[Round "1"]
[White "Borbon, Oscar"]
[Black "Alvarez Pedraza, Aramis"]
[Result "0-1"]
[WhiteElo "1998"]
[BlackElo "2476"]
[PlyCount "65"]
[EventDate "2014.10.09"]
[EventType "swiss"]
[EventRounds "9"]
[EventCountry "COL"]
[SourceTitle "EXT 2015"]
[Source "ChessBase"]
[SourceDate "2014.11.20"]
[SourceVersion "1"]
[SourceVersionDate "2014.11.20"]
[SourceQuality "1"]

1. d4 Nf6 2. c4 e6 3. Nf3 Bb4+ 4. Bd2 c5 5. Bxb4 cxb4 6. e3 0-0 7. Bd3 d6 8. 0-0 Nc6 9. Nbd2 b6 10. Qc2 Bb7 11. Ng5 h6 12. Nge4 Rc8 13. Rac1 Nxe4 14. Bxe4 d5 15. Bf3 dxc4 16. Qxc4 Ne5 17. Qe2 Nxf3+ 18. Nxf3 Qd5 19. b3 Rc3 20. Rfd1 Rfc8 21. Qd2 a5 22. Ne1 Qg5 23. Rxc3 bxc3 24. Qd3 b5 25. f3 b4 26. Rc1 e5 27. h4 Qxh4 28. Qb5 Qe7 29. Qxe5 Qxe5 30. dxe5 Rd8 31. Nc2 Rd2 32. a3 a4 33. Nd4 0-1

[Event "Bogota McGregor op 4th"]
[Site "Bogota"]
[Date "2013.12.07"]
[Round "7"]
[White "Borbon, Oscar"]
[Black "Narvaez Ramirez, Faber Alberto"]
[Result "1-0"]
[WhiteElo "1976"]
[BlackElo "2142"]
[PlyCount "71"]
[EventDate "2013.12.04"]
[EventType "swiss"]
[EventRounds "9"]
[EventCountry "COL"]
[SourceTitle "CBM 157 Extra"]
[Source "ChessBase"]
[SourceDate "2013.12.19"]
[SourceVersion "1"]
[SourceVersionDate "2013.12.19"]
[SourceQuality "1"]

1. d4 d5 2. c4 c6 3. Nc3 Nf6 4. cxd5 cxd5 5. Bf4 Nc6 6. e3 Qb6 7. Bb5 a6 8. Bxc6+ bxc6 9. Qd2 Nh5 10. Na4 Qa7 11. Ne2 Nxf4 12. Nxf4 g6 13. 0-0 Bg7 14. Nd3 Bf5 15. Rac1 Rc8 16. Nac5 a5 17. f4 0-0 18. h3 h5 19. Qd1 Rb8 20. b3 Rfd8 21. g4 hxg4 22. hxg4 Bxd3 23. Qxd3 e6 24. Rf2 Re8 25. Rfc2 g5 26. Rh2 gxf4 27. exf4 Rb4 28. f5 Rxd4 29. Qf3 exf5 30. gxf5 Ree4 31. f6 Rf4 32. Qh3 Rg4+ 33. Rg2 Rg6 34. fxg7 Rxg7 35. Rxg7+ Kxg7 36. Qc3 1-0

[Event "Bogota University op 7th"]
[Site "Bogota"]
[Date "2013.10.11"]
[Round "3"]
[White "Rozo Pulido, Claudia Magally"]
[Black "Borbon, Oscar"]
[Result "0-1"]
[WhiteElo "1499"]
[BlackElo "1971"]
[PlyCount "34"]
[EventDate "2013.10.10"]
[EventType "swiss"]
[EventRounds "9"]
[EventCountry "COL"]
[SourceTitle "CBM 156 Extra"]
[Source "ChessBase"]
[SourceDate "2013.10.22"]
[SourceVersion "1"]
[SourceVersionDate "2013.10.22"]
[SourceQuality "1"]

1. d4 Nf6 2. Nf3 e6 3. Bg5 d5 4. e3 c5 5. c3 Nbd7 6. Nbd2 Qb6 7. Qc2 Bd6 8. Be2 0-0 9. 0-0 Qc7 10. Rac1 b6 11. Bxf6 Nxf6 12. dxc5 bxc5 13. b3 Bb7 14. Bd3 Rad8 15. Rfd1 Kh8 16. h3 e5 17. e4 g6 0-1

[Event "Bogota University op 7th"]
[Site "Bogota"]
[Date "2013.10.10"]
[Round "2"]
[White "Borbon, Oscar"]
[Black "Hernandez Moya, Yuleisis"]
[Result "0-1"]
[WhiteElo "1971"]
[BlackElo "2218"]
[PlyCount "48"]
[EventDate "2013.10.10"]
[EventType "swiss"]
[EventRounds "9"]
[EventCountry "COL"]
[SourceTitle "CBM 156 Extra"]
[Source "ChessBase"]
[SourceDate "2013.10.22"]
[SourceVersion "1"]
[SourceVersionDate "2013.10.22"]
[SourceQuality "1"]

1. d4 e6 2. c4 c5 3. d5 exd5 4. cxd5 d6 5. e4 Nf6 6. Nc3 g6 7. Nf3 Bg7 8. Bb5+ Nbd7 9. 0-0 0-0 10. Bf4 Qe7 11. Re1 Ng4 12. Bxd7 Bxd7 13. Qd2 Rfe8 14. h3 Ne5 15. Nxe5 Bxe5 16. Bxe5 Qxe5 17. f4 Qf6 18. Rac1 b5 19. e5 dxe5 20. Ne4 Qb6 21. fxe5 Rxe5 22. Qc3 c4+ 23. Kh1 Rae8 24. Qf3 f5 0-1

[Event "Bogota Verano op"]
[Site "Bogota"]
[Date "2013.08.17"]
[Round "2"]
[White "Borbon, Oscar"]
[Black "Becerra Fonseca, Camila Andrea"]
[Result "1-0"]
[WhiteElo "1974"]
[BlackElo "1505"]
[PlyCount "31"]
[EventDate "2013.08.16"]
[EventType "swiss"]
[EventRounds "7"]
[EventCountry "COL"]
[SourceTitle "CBM 156 Extra"]
[Source "ChessBase"]
[SourceDate "2013.10.22"]
[SourceVersion "1"]
[SourceVersionDate "2013.10.22"]
[SourceQuality "1"]

1. d4 d5 2. c4 e6 3. Nf3 c5 4. cxd5 exd5 5. e3 Nc6 6. dxc5 Bxc5 7. Nc3 Nf6 8. Bb5 Bd7 9. 0-0 0-0 10. Nxd5 Ne4 11. Nc3 Re8 12. Nxe4 Rxe4 13. Qc2 Qe7 14. Bd3 Re6 15. Bxh7+ Kh8 16. Bf5 1-0

[Event "Bogota McGregor op 3rd"]
[Site "Bogota"]
[Date "2012.12.14"]
[Round "4"]
[White "Borbon, Oscar"]
[Black "Arango, Andres Mauricio"]
[Result "0-1"]
[WhiteElo "1968"]
[BlackElo "2113"]
[PlyCount "76"]
[EventDate "2012.12.12"]
[EventType "swiss"]
[EventRounds "9"]
[EventCountry "COL"]
[SourceTitle "EXT 2014"]
[Source "ChessBase"]
[SourceDate "2013.11.20"]
[SourceVersion "1"]
[SourceVersionDate "2013.11.20"]
[SourceQuality "1"]

1. d4 d5 2. c4 c6 3. Nc3 Nf6 4. e3 e6 5. Nf3 Nbd7 6. Qc2 Bd6 7. cxd5 exd5 8. Bd3 0-0 9. Rb1 Qe7 10. 0-0 Re8 11. a3 a5 12. h3 Ne4 13. Na4 f5 14. Nd2 g6 15. Nxe4 fxe4 16. Be2 Rb8 17. Bd2 Bc7 18. b4 Qd6 19. f4 exf3 20. Rxf3 Rf8 21. e4 Qh2+ 22. Kf2 Bg3+ 23. Ke3 Bf4+ 24. Kf2 dxe4 25. Bc4+ Kh8 26. Bxf4 Rxf4 27. Rxf4 Qxf4+ 28. Ke2 Nf6 29. Nc5 axb4 30. axb4 Bf5 31. Rf1 Qg3 32. Kd1 Rd8 33. Qb2 Nd5 34. Bxd5 Rxd5 35. Nxb7 Qd3+ 36. Ke1 Rxd4 37. Na5 Qe3+ 38. Qe2 Qc3+ 0-1

[Event "Bogota Humana op"]
[Site "Bogota"]
[Date "2012.12.05"]
[Round "1"]
[White "Acosta, Jaime"]
[Black "Borbon, Oscar"]
[Result "0-1"]
[WhiteElo "1710"]
[BlackElo "1968"]
[PlyCount "88"]
[EventDate "2012.12.05"]
[EventType "swiss"]
[EventRounds "9"]
[EventCountry "COL"]
[SourceTitle "EXT 2014"]
[Source "ChessBase"]
[SourceDate "2013.11.20"]
[SourceVersion "1"]
[SourceVersionDate "2013.11.20"]
[SourceQuality "1"]

1. e4 e6 2. d4 d5 3. Nd2 dxe4 4. Nxe4 Nd7 5. Nf3 Ndf6 6. Bg5 Be7 7. Nxf6+ Nxf6 8. Bd3 b6 9. Bb5+ Bd7 10. Bxd7+ Nxd7 11. Bxe7 Qxe7 12. 0-0 0-0 13. Qe2 Nf6 14. c3 Rfd8 15. Ne5 Qd6 16. Rfd1 c5 17. dxc5 Qxc5 18. h3 Nd5 19. Rd4 f6 20. Rc4 Nxc3 21. Rxc3 Qxe5 22. Qxe5 fxe5 23. Re3 Rd5 24. Rae1 Rc8 25. Rxe5 Rxe5 26. Rxe5 Rc1+ 27. Kh2 Rc2 28. Rb5 Rxf2 29. Kg3 Rd2 30. a4 Kf7 31. a5 Rd5 32. Rxd5 exd5 33. axb6 axb6 34. Kf4 Kf6 35. g3 g5+ 36. Ke3 Ke5 37. b4 d4+ 38. Kd3 b5 39. h4 gxh4 40. gxh4 h5 41. Ke2 Ke4 42. Kd2 d3 43. Ke1 Kd4 44. Kd2 Kc4 0-1

[Event "Bogota op 10"]
[Site "Bogota"]
[Date "2012.10.12"]
[Round "2"]
[White "Borbon, Oscar"]
[Black "Becerra, Juan David"]
[Result "0-1"]
[WhiteElo "1990"]
[BlackElo "2277"]
[PlyCount "34"]
[EventDate "2012.10.11"]
[EventType "swiss"]
[EventRounds "9"]
[EventCountry "COL"]
[SourceTitle "EXT 2013"]
[Source "ChessBase"]
[SourceDate "2012.11.22"]
[SourceVersion "1"]
[SourceVersionDate "2012.11.22"]
[SourceQuality "1"]

1. d4 d5 2. c4 e6 3. Nf3 c6 4. Bf4 dxc4 5. a4 Nf6 6. Qc2 b5 7. axb5 cxb5 8. Bxb8 Rxb8 9. Rxa7 Bb4+ 10. Nc3 Bb7 11. e3 Ba5 12. b4 Bxb4 13. Nd2 0-0 14. Ra1 Bc6 15. f3 Bxc3 16. Qxc3 Nd5 17. Qc1 Nxe3 0-1

[Event "COL-ch U20"]
[Site "Bogota"]
[Date "2009.04.06"]
[Round "7.20"]
[White "Castillo, Ricardo"]
[Black "Borbon, Oscar"]
[Result "1-0"]
[WhiteElo "1935"]
[BlackElo "1952"]
[PlyCount "51"]
[EventDate "2009.04.03"]
[EventType "swiss"]
[EventRounds "7"]
[EventCountry "COL"]
[SourceTitle "EXT 2024"]
[Source "ChessBase"]
[SourceDate "2023.10.10"]
[SourceVersion "1"]
[SourceVersionDate "2023.10.10"]
[SourceQuality "1"]

1. e4 e5 2. f4 exf4 3. Nf3 d5 4. exd5 Qxd5 5. Nc3 Qd8 6. Bc4 Bc5 7. d4 Qe7+ 8. Ne2 Bd6 9. 0-0 Bg4 10. Nxf4 Bxf3 11. Qxf3 Nf6 12. Qxb7 0-0 13. Qxa8 c6 14. d5 Ng4 15. Be2 Nxh2 16. Bd2 Qh4 17. Be1 Qh6 18. Bg3 Bc5+ 19. Bf2 Bd6 20. Nh3 Re8 21. Qb7 g5 22. Bd4 Qg6 23. Bd3 Qh5 24. Rf5 h6 25. dxc6 f6 26. Bc4+ 1-0

[Event "Bogota Mila Memorial op"]
[Site "Bogota"]
[Date "2009.04.??"]
[Round "7"]
[White "Borbon, Oscar"]
[Black "Gutierrez Cascardo, Jaime"]
[Result "0-1"]
[WhiteElo "1952"]
[BlackElo "2003"]
[PlyCount "48"]
[EventDate "2009.04.??"]
[EventType "swiss"]
[EventRounds "9"]
[EventCountry "COL"]
[SourceTitle "EXT 2014"]
[Source "ChessBase"]
[SourceDate "2013.11.20"]
[SourceVersion "1"]
[SourceVersionDate "2013.11.20"]
[SourceQuality "1"]

1. d4 Nf6 2. c4 e5 3. dxe5 Ng4 4. Nf3 Bc5 5. e3 Nc6 6. Be2 0-0 7. a3 a5 8. b3 Re8 9. 0-0 Ngxe5 10. Nxe5 Nxe5 11. Nd2 Ra6 12. Nf3 Rg6 13. Nxe5 Rxe5 14. Bd3 Rh6 15. e4 Rxh2 16. Bf4 Rh1+ 17. Kxh1 Qh4+ 18. Kg1 Rh5 19. Qxh5 Qxh5 20. Bxc7 d6 21. Bxa5 Bd4 22. Ra2 Qxa5 23. b4 Qg5 24. g3 Qxg3+ 0-1

[Event "Bogota Mila Memorial op"]
[Site "Bogota"]
[Date "2009.04.??"]
[Round "6"]
[White "Silva Pena, John Hansen"]
[Black "Borbon, Oscar"]
[Result "1/2-1/2"]
[WhiteElo "1997"]
[BlackElo "1952"]
[PlyCount "47"]
[EventDate "2009.04.??"]
[EventType "swiss"]
[EventRounds "9"]
[EventCountry "COL"]
[SourceTitle "EXT 2014"]
[Source "ChessBase"]
[SourceDate "2013.11.20"]
[SourceVersion "1"]
[SourceVersionDate "2013.11.20"]
[SourceQuality "1"]

1. e4 c5 2. Nf3 Nc6 3. Bb5 e6 4. 0-0 a6 5. Bxc6 bxc6 6. e5 Be7 7. Nc3 f6 8. Ne4 fxe5 9. Nxe5 g6 10. d3 Nf6 11. Bh6 Nxe4 12. dxe4 Qc7 13. Nf3 d6 14. Re1 e5 15. c4 Bf8 16. Qd2 Bg4 17. Bxf8 Rxf8 18. Ng5 h6 19. h3 hxg5 20. hxg4 Qf7 21. b3 0-0-0 22. f3 Qf4 23. Qxf4 gxf4 24. Kf2 1/2-1/2